| 000 | 01448nam a2200361 a 4500 | ||
|---|---|---|---|
| 001 | ebr10658487 | ||
| 003 | CaPaEBR | ||
| 006 | m u | ||
| 007 | cr cn||||||||| | ||
| 008 | 121213s2013 enka sb 001 0 eng d | ||
| 010 | _z 2012050024 | ||
| 020 | _z9781405198103 (cloth) | ||
| 020 | _z9781118482094 (e-book) | ||
| 040 |
_aCaPaEBR _cCaPaEBR |
||
| 035 | _a(OCoLC)821271491 | ||
| 050 | 1 | 4 |
_aP53.45 _b.L53 2013eb |
| 082 | 0 | 4 |
_a418.0071 _223 |
| 100 | 1 |
_aLiddicoat, Anthony, _d1962- |
|
| 245 | 1 | 0 |
_aIntercultural language teaching and learning _h[electronic resource] / _cAnthony J. Liddicoat and Angela Scarino. |
| 260 |
_aChichester, U.K. : _bWiley-Blackwell, _c2013. |
||
| 300 |
_avii, 200 p. : _bill. |
||
| 504 | _aIncludes bibliographical references and index. | ||
| 533 |
_aElectronic reproduction. _bPalo Alto, Calif. : _cebrary, _d2013. _nAvailable via World Wide Web. _nAccess may be limited to ebrary affiliated libraries. |
||
| 650 | 0 |
_aLanguage and languages _xStudy and teaching. |
|
| 650 | 0 |
_aIntercultural communication _xStudy and teaching. |
|
| 650 | 0 |
_aLanguage and culture _xStudy and teaching. |
|
| 650 | 0 | _aMulticultural education. | |
| 650 | 0 | _aCommunicative competence. | |
| 655 | 7 |
_aElectronic books. _2local |
|
| 700 | 1 | _aScarino, Angela. | |
| 710 | 2 | _aebrary, Inc. | |
| 856 | 4 | 0 |
_uhttp://site.ebrary.com/lib/rucke/Doc?id=10658487 _zAn electronic book accessible through the World Wide Web; click to view |
| 999 |
_c65389 _d65389 |
||